000 00638cam a22002053a 4500
001 45053
003 PGUSA
005 20140828084029.0
008 140302s2014||||xxu|||||s|||||000 | eng d
040 _aPGUSA
_beng
042 _adc
100 1 _aVivian, Philip
245 1 4 _aThe Churches and Modern Thought :
_bAn inquiry into the grounds of unbelief and an appeal for candour
_h[electronic resource] /
_cPhilip Vivian
260 _bProject Gutenberg,
_c2014
506 _aPublic domain in the USA.
516 _aElectronic text
830 0 _aProject Gutenberg
_v45053
856 4 0 _uhttp://www.gutenberg.org/ebooks/45053
942 _cEB
999 _c274304
_d274304